Taylor Swift NO HINTS #2 - Statistics

General Stats
  • This quiz has been taken 26 times
  • The average score is 152 of 226
Answer Stats
Answer % Correct
a
100%
I
100%
you
100%
and
96%
And
96%
your
96%
it
92%
It
92%
that
92%
That
92%
the
92%
to
92%
do
88%
It's
88%
all
83%
don't
83%
in
83%
me
83%
would
83%
on
79%
one
79%
what
79%
say
75%
but
71%
How
71%
love
71%
was
71%
be
67%
No
67%
Why
67%
can't
63%
good
63%
not
63%
by
58%
heart
58%
way
58%
away
54%
back
54%
break
54%
break,
54%
make
54%
our
54%
perfectly
54%
take
54%
wanna
54%
get
50%
now
50%
eyes
46%
before
42%
read
42%
should've
42%
tear
42%
apart
38%
first
38%
matter
38%
sense
38%
seen
33%
still
33%
very
33%
fall
29%
scar
29%
walk
29%
anymore
25%
believe
25%
signs,
25%
wall
25%
writing
25%
Maybe
21%
unbroken
21%
distance
17%
realised
17%
breal
4%
No matching quizzes found
Score Distribution
Percent of People with Each Score
Percentile by Number Answered
Your Score History
You have not taken this quiz